Statistics for Sports - One North American team only

Click here to take the quiz!

General Stats

  • This quiz has been taken 60 times
  • The average score is 9 of 15

Answer Stats

HintAnswer% Correct
Ted WilliamsBoston Red Sox
86%
Bill RussellBoston Celtics
86%
MIckey MantleNew York Yankees
84%
Barry SandersDetroit Lions
76%
James WorthyLos Angeles Lakers
76%
Julius ErvingPhiladelphia 76ers
73%
Johnny BenchCincinnati Reds
67%
Steve YzermanDetroit Red Wings
57%
Dan FoutsSan Diego Chargers
57%
Willie StargellPittsburgh Pirates
53%
Stan MikitaChicago Black Hawks
51%
Bob FellerCleveland Indians
45%
Wes UnseldWashington Bullets
41%
Paul HornungGreen Bay Packers
37%
O.J. McDuffieMiami Dolphins
22%

Score Distribution

Percentile by Number Answered

Percent of People with Each Score

Your Score History

You have not taken this quiz